000 00826nam a22002535a 4500
005 20161206151910.0
008 090607r20082006ii a frb 001 0 eng d
020 _a8189757059
020 _a9788189757052
040 _aEG-ScBuE
_beng
_cEG-ScBuE
082 0 4 _a621.042
_bGUP
_222
100 1 _aGupta, J. B.
_95867
245 1 0 _aEnergy conversion :
_bfor engineering students /
_cJ. B. Gupta.
260 _aNew Delhi :
_bS. K. Kataria & Sons,
_c2008.
300 _axii, 452 p. :
_bill. ;
_c24 cm.
500 _aIndex : p. 449-452.
504 _aIncludes bibliographical references.
590 _ayassmeen ashraf , Menna Elemam
651 _2BUEsh
653 _bENGGEN
_cAugust2015
650 0 _95869
_aPower resources
_2BUEsh
650 0 _95868
_aEnergy conversion
_2BUEsh
942 _cBB
_k 621.042 GUP
_2ddc
999 _c20665
_d20637